00591nam a22001697a 4500003000900000008004100009040007100050082002500121100003100146245008700177260003200264300002600296505002700322650001600349650001000365650004600375AR-CdUCM190429b ||||| |||| 00| 0 spa d aMUNICIPALIDAD PROVINCIAL DEL CUSCOcBIBLIOTECA MUNICIPAL DEL CUSCO a376.51 /bV18 / 1953 aValcárcel, Carlos Daniel aLibro de oposiciones de la Universidad de San Antonio del Cusco : bsiglo XVIII /  aLima : bSan Marcos,c1953. a200 paginas ;c25 cm. aContenido : Faciculos. aOposiciones aCusco aUniversidad Nacional San Antonio de Abad